[Event "Challenge"]
[Site "http://www.queenalice.com/game.php?id=1865753"]
[Date "2025.11.18"]
[Round "-"]
[White "maurice916"]
[Black "marcomasa"]
[Result "0-1"]
[WhiteElo "1861"]
[BlackElo "2126"]

1. Nf3 Nc6 2. e4 e5 3. a3 Bc5 4. Nc3 Qf6 5. Be2 Nge7 6. O-O d6 7. d3 h6 8. Bd2
Be6 9. b4 Bb6 10. h3 g5 11. Nh2 O-O-O 12. Bg4 Bxg4 13. Nxg4 Qg6 14. Nh2 h5 15.
Nd5 Nxd5 16. exd5 Nd4 17. Be3 f5 18. c3 f4 19. Bxd4 exd4 20. c4 g4 21. hxg4 Rdg8
22. f3 hxg4 23. Nxg4 Qh5 24. Rc1 Rxg4 25. fxg4 Qh2+ 26. Kf2 Qg3+ 27. Ke2 Re8+
28. Kd2 Qxg2+ 0-1

[Event "Challenge"]
[Site "http://www.queenalice.com/game.php?id=1866037"]
[Date "2025.11.23"]
[Round "-"]
[White "marcomasa"]
[Black "maurice916"]
[Result "1-0"]
[WhiteElo "2132"]
[BlackElo "1829"]

1. e4 c6 2. Bc4 d5 3. exd5 cxd5 4. Bb3 Nf6 5. d4 g6 6. Nf3 Bg7 7. Bf4 O-O 8. Nc3
e6 9. Qe2 Nc6 10. a3 a6 11. h3 b5 12. O-O-O Bb7 13. g4 Rc8 14. Rdg1 Na5 15. Ba2
Rxc3 16. bxc3 Ne4 17. Qe3 Nc4 18. Bxc4 bxc4 19. Ng5 Nxg5 20. Bxg5 f6 21. Qxe6+
Kh8 22. Bxf6 Rxf6 23. Qe3 Rb6 24. g5 Bc6 25. h4 Qb8 26. h5 gxh5 27. Qf3 Bf8 28.
Qf6+ Bg7 29. Qf5 Rb2 30. Rxh5 Rb1+ 31. Kd2 Rxg1 32. Qxh7# 1-0

[Event "Challenge"]
[Site "http://www.queenalice.com/game.php?id=1866038"]
[Date "2025.11.23"]
[Round "-"]
[White "maurice916"]
[Black "marcomasa"]
[Result "0-1"]
[WhiteElo "1823"]
[BlackElo "2135"]

1. Nf3 Nc6 2. c4 e5 3. d3 Bc5 4. Nc3 Nf6 5. h3 d6 6. e4 h6 7. Be2 a6 8. Be3 Bxe3
9. fxe3 Qe7 10. O-O Be6 11. d4 exd4 12. exd4 Bd7 13. a3 O-O-O 14. Qc2 Rdg8 15.
b4 g5 16. e5 dxe5 17. dxe5 Nxe5 18. Nxe5 Qxe5 19. Rae1 Qd4+ 20. Kh1 Qh4 21. Rxf6
Qxe1+ 22. Rf1 Qh4 23. Rxf7 g4 24. Rf4 Qg3 25. Qd2 gxh3 26. Bf1 hxg2+ 27. Bxg2 h5
28. Ne4 Qxa3 29. Rf2 h4 30. Nf6 Rg7 31. Bxb7+ Kxb7 32. Nxd7 Qh3+ 33. Rh2 Qf1#
0-1

[Event "Challenge"]
[Site "http://www.queenalice.com/game.php?id=1866395"]
[Date "2025.11.30"]
[Round "-"]
[White "Ricardoabreu"]
[Black "marcomasa"]
[Result "1-0"]
[WhiteElo "1694"]
[BlackElo "2109"]

1. b3 e5 2. Bb2 Nc6 3. e3 Bc5 4. Qh5 Nf6 5. Qe2 d5 6. d3 Bg4 7. f3 Bh5 8. Nc3 a6
9. Na4 Qd6 10. Nxc5 Qxc5 11. Nh3 Bg6 12. Nf2 h5 13. Nh3 Qe7 14. Qd2 b6 15. Ng5
Nh7 16. Nxh7 Bxh7 17. Qc3 Qe6 18. h3 d4 19. Qd2 O-O 20. g4 hxg4 21. hxg4 Qg6 22.
O-O-O a5 23. Bg2 b5 24. Rh5 dxe3 25. Qxe3 f6 26. Rdh1 Kf7 27. Rxh7 Ke8 28. f4
Qxg4 29. Bxc6+ Kf7 30. Bxa8 Rxa8 31. fxe5 Re8 32. Rg1 Qf5 33. Rhxg7+ Kf8 34.
Qc5+ Re7 35. Qxe7# 1-0

[Event "Challenge"]
[Site "http://www.queenalice.com/game.php?id=1866423"]
[Date "2025.12.1"]
[Round "-"]
[White "marcomasa"]
[Black "Ricardoabreu"]
[Result "1-0"]
[WhiteElo "2107"]
[BlackElo "1741"]

1. e4 b6 2. Bc4 Bb7 3. d3 e6 4. Nf3 g6 5. Nc3 Bg7 6. d4 Nf6 7. Qd3 Nc6 8. a3 h5
9. Bf4 d6 10. h3 Qe7 11. Qe3 Na5 12. Ba2 Nc6 13. b4 Ng8 14. Bb3 Bh6 15. h4 Bxf4
16. Qxf4 Nh6 17. O-O-O Ng4 18. Qd2 Nf6 19. Rde1 Nd7 20. g3 Qf6 21. Qe3 Ba6 22.
e5 dxe5 23. dxe5 Qe7 24. Rhg1 Bb7 25. g4 hxg4 26. Rxg4 O-O-O 27. Re2 Rh7 28. Re1
Rdh8 29. Qf4 Rh5 30. Ba2 Rf5 31. Qe3 Rhh5 32. Rf4 Ncxe5 33. Nxe5 Rxe5 34. Qd2
Rxe1+ 35. Qxe1 Rxh4 36. Rxh4 Qxh4 37. Ne2 Qf6 38. c3 Ne5 39. Bb1 Bf3 40. Nd4
Qf4+ 41. Kb2 Bc6 42. Qe2 Kb7 43. b5 Bd5 44. Bc2 Nc4+ 45. Ka2 Ne3+ 46. Kb2 Nxc2
47. Qxc2 e5 48. Nb3 Qa4 49. Nc5+ bxc5 50. Qxa4 e4 51. Qa6+ Kb8 52. Qf6 Kb7 53.
Kc1 Bc4 54. Qc6+ Kb8 55. Qe8+ Kb7 56. Qxe4+ Bd5 57. Qxd5+ Kb6 58. Qc6+ Ka5 59.
Qa6# 1-0

[Event "Challenge"]
[Site "http://www.queenalice.com/game.php?id=1866611"]
[Date "2025.12.5"]
[Round "-"]
[White "marcomasa"]
[Black "maurice916"]
[Result "1-0"]
[WhiteElo "2081"]
[BlackElo "2027"]

1. e4 c6 2. Bc4 d5 3. exd5 cxd5 4. Bb3 Nf6 5. d4 Nc6 6. h3 Bf5 7. Nf3 e6 8. Bf4
Bd6 9. Qd2 O-O 10. Nc3 a5 11. a3 Qc7 12. Bxd6 Qxd6 13. g4 Be4 14. Qe3 Bxf3 15.
Nb5 Qd7 16. Qxf3 a4 17. Ba2 Na5 18. Qd3 Rac8 19. O-O-O Ne4 20. Rdf1 Qc6 21. Na7
Qb6 22. Nxc8 Rxc8 23. Rhg1 Nd6 24. f3 Ndc4 25. Bxc4 Rxc4 26. c3 Qb3 27. Qc2 Qb6
28. g5 g6 29. h4 Nb3+ 30. Kb1 Nxd4 31. Qd3 e5 32. cxd4 Rxd4 33. Qc3 Kg7 34. Rg2
Qd6 35. Rh1 Rc4 36. Qe3 d4 37. Qe4 Rc7 38. h5 f5 39. Qh4 Kg8 40. hxg6 Qxg6 41.
Rgh2 d3 42. Qg3 Re7 43. Rh6 Qe8 44. g6 Rg7 45. gxh7+ Kh8 46. Qxg7+ Kxg7 47.
h8=Q+ Qxh8 48. Rxh8 e4 49. fxe4 fxe4 50. Kc1 Kf6 51. R1h5 e3 52. R8h6+ Kg7 53.
Rb6 e2 54. Kd2 Kf7 55. Rh7+ Kg8 56. Rhxb7 Kf8 57. Ra7 1-0

[Event "Challenge"]
[Site "http://www.queenalice.com/game.php?id=1866612"]
[Date "2025.12.5"]
[Round "-"]
[White "maurice916"]
[Black "marcomasa"]
[Result "0-1"]
[WhiteElo "1815"]
[BlackElo "2127"]

1. Nf3 Nc6 2. b3 e5 3. Bb2 Qf6 4. e4 Bc5 5. Be2 Nge7 6. O-O Ng6 7. Re1 d6 8. d4
exd4 9. Bf1 Nce5 10. Nxd4 Bd7 11. Nd2 h5 12. N2f3 h4 13. Nxe5 dxe5 14. Nf3 O-O-O
15. Bd3 Rde8 16. a3 Nf4 17. b4 Qg6 18. Bf1 Nh3+ 19. Kh1 Nxf2+ 0-1

[Event "Challenge"]
[Site "http://www.queenalice.com/game.php?id=1866658"]
[Date "2025.12.6"]
[Round "-"]
[White "marcomasa"]
[Black "FLeicher"]
[Result "0-1"]
[WhiteElo "2130"]
[BlackElo "2175"]

1. e4 e5 2. Bc4 Nf6 3. Nc3 Bc5 4. Nf3 d6 5. h3 O-O 6. d3 h6 7. Bd2 a6 8. Qe2 Nc6
9. g4 Nh7 10. O-O-O Nd4 11. Nxd4 Bxd4 12. Rdg1 Be6 13. h4 b5 14. g5 bxc4 15. Qh5
Bxc3 16. Bxc3 Qe7 17. Rh2 Kh8 18. Bd2 Rg8 19. Rhg2 cxd3 20. Rg3 dxc2 21. Qf3 h5
22. Qxh5 g6 23. Qf3 Raf8 24. h5 f5 25. hxg6 Rxg6 26. exf5 Bxf5 27. Qh5 Qg7 28.
Rh1 Kg8 29. Rh4 d5 30. Re3 Rxg5 31. Qe2 Rg1+ 32. Be1 d4 33. Rg3 Rxg3 34. fxg3 d3
35. Qg2 e4 36. Bd2 Rb8 37. Rg4 Bxg4 0-1

[Event "Challenge"]
[Site "http://www.queenalice.com/game.php?id=1866659"]
[Date "2025.12.6"]
[Round "-"]
[White "FLeicher"]
[Black "marcomasa"]
[Result "1-0"]
[WhiteElo "2186"]
[BlackElo "2119"]

1. e4 e5 2. Nf3 Nc6 3. c3 Bc5 4. Bb5 Qf6 5. d3 a6 6. Ba4 b5 7. Bc2 Nge7 8. O-O
Bb7 9. Bg5 Qd6 10. Nbd2 f6 11. Bh4 g5 12. Bg3 h5 13. h3 g4 14. hxg4 hxg4 15. Nh4
Rg8 16. Nb3 Bb6 17. d4 Na5 18. Nxa5 Bxa5 19. Qd2 Ng6 20. Bb3 Rg7 21. Nf5 Qf8 22.
Nxg7+ Qxg7 23. Rfe1 O-O-O 24. Bd1 Qh7 25. Bxg4 Rh8 26. Bh3 Nh4 27. Bxh4 Qxh4 28.
Qd3 exd4 29. Qxd4 Bb6 30. Qxd7+ Kb8 31. Qf5 Bc8 32. Qf3 Bb7 33. Re2 Rg8 34. Kh2
Rg5 35. g3 Qh6 36. Kg2 Qg6 37. Qf4 f5 38. f3 fxe4 39. fxe4 Bc5 40. Rd1 Bd6 41.
Rxd6 cxd6 42. Qe3 d5 43. Bf5 Rxf5 44. exf5 d4+ 45. Kg1 Qxf5 46. Qf4+ 1-0

[Event "Challenge"]
[Site "http://www.queenalice.com/game.php?id=1867076"]
[Date "2025.12.15"]
[Round "-"]
[White "maurice916"]
[Black "marcomasa"]
[Result "1-0"]
[WhiteElo "2051"]
[BlackElo "2095"]

1. Nf3 Nc6 2. c4 e5 3. d3 Bc5 4. Nc3 h6 5. e3 Nf6 6. Be2 d6 7. O-O Qe7 8. b3 Bd7
9. Bb2 a6 10. e4 g5 11. Nd5 Nxd5 12. cxd5 Nd4 13. Nxd4 exd4 14. Rc1 Bb6 15. b4
O-O-O 16. a4 a5 17. Rc4 Rdg8 18. Bxd4 Bxd4 19. Rxd4 c5 20. bxc5 dxc5 21. Rc4 Qd6
22. Qc2 b6 23. d4 g4 24. dxc5 bxc5 25. Rxc5+ Kd8 26. Bb5 Ke7 27. Bxd7 Kxd7 28.
Rb1 Rd8 29. Rb7+ Ke8 30. Qc3 Rh7 31. Rc6 Qf4 32. Qe3 Qe5 33. f3 gxf3 34. Qxf3
Qd4+ 35. Kf1 Qa1+ 36. Kf2 Qxa4 37. Kg3 Qd4 38. Kh3 a4 39. Qf5 Qe3+ 40. g3 Rg7
41. Qe5+ Kf8 42. Qe7+ Kg8 43. Qxd8+ Kh7 44. Rc8 Qf3 45. Qh8+ Kg6 46. Rc6+ f6 47.
Qxg7+ Kh5 48. Qf7+ Kg5 49. Qxf6+ Qxf6 50. Rxf6 1-0

[Event "Challenge"]
[Site "http://www.queenalice.com/game.php?id=1867353"]
[Date "2025.12.26"]
[Round "-"]
[White "Ricardoabreu"]
[Black "marcomasa"]
[Result "0-1"]
[WhiteElo "1739"]
[BlackElo "2108"]

1. b3 e5 2. Bb2 Nc6 3. g3 Bc5 4. Bg2 d5 5. e3 Nf6 6. Nf3 e4 7. Ne5 Qd6 8. Nxc6
Qxc6 9. h3 Bf5 10. g4 Bg6 11. Nc3 h6 12. d3 a6 13. Na4 Ba7 14. Nc3 Bb6 15. a3
Ba7 16. dxe4 dxe4 17. Qe2 O-O-O 18. O-O Bh7 19. Rad1 g5 20. Rxd8+ Rxd8 21. Rd1
b5 22. Rxd8+ Kxd8 23. Qd2+ Kc8 24. Ne2 Bb6 25. Nd4 Qd6 26. Bf1 c5 27. Kg2 cxd4
28. Bxd4 Bc7 0-1

[Event "Challenge"]
[Site "http://www.queenalice.com/game.php?id=1867544"]
[Date "2026.1.4"]
[Round "-"]
[White "jogo"]
[Black "marcomasa"]
[Result "0-1"]
[WhiteElo "1938"]
[BlackElo "2077"]

1. e4 e5 2. Nf3 Nc6 3. c3 Bc5 4. d4 exd4 5. cxd4 Bb4+ 6. Nc3 Qe7 7. d5 Ne5 8.
Nxe5 Qxe5 9. Qc2 Nf6 10. f3 Nxd5 11. Bd2 Nf6 0-1

[Event "Challenge"]
[Site "http://www.queenalice.com/game.php?id=1868360"]
[Date "2026.1.23"]
[Round "-"]
[White "marcomasa"]
[Black "maurice916"]
[Result "1/2-1/2"]
[WhiteElo "2113"]
[BlackElo "1821"]

1. e4 c6 2. Bc4 d5 3. exd5 cxd5 4. Bb3 Nf6 5. h3 g6 6. Nf3 Bg7 7. d4 O-O 8. Bf4
Nc6 9. Nc3 e6 10. Qd2 a6 11. O-O-O Ne4 12. Nxe4 dxe4 13. Ne5 Nxe5 14. Bxe5 Bxe5
15. dxe5 Qxd2+ 16. Rxd2 b5 17. Rhd1 Bb7 18. Rd7 Bc6 19. Rc7 Rac8 20. Rxc8 Rxc8
21. g3 Kf8 22. h4 Ke7 23. Rd6 Rc7 24. a3 Bb7 25. c3 Bc8 26. Rd4 Bb7 27. Bc2 a5
28. Bxe4 Bxe4 29. Rxe4 Rb7 30. f3 f6 31. exf6+ Kxf6 32. f4 h6 33. g4 Rb6 34. Rd4
e5 35. fxe5+ Kxe5 36. Kd2 Rf6 37. g5 hxg5 38. hxg5 Rf2+ 39. Kc1 Rf5 40. Rg4 Rf4
41. Rg1 Rf5 42. Rg2 Kd5 43. Rg4 Kc5 44. b4+ axb4 45. axb4+ Kc6 46. Kd2 Kb6 47.
Kd3 Rf1 48. Kd4 Rf5 49. Ke4 Kc6 50. Kd4 Kd6 51. c4 bxc4 52. Kxc4 Kc6 53. Rg3
Rf4+ 54. Kb3 1/2-1/2

[Event "Challenge"]
[Site "http://www.queenalice.com/game.php?id=1868385"]
[Date "2026.1.24"]
[Round "-"]
[White "maurice916"]
[Black "marcomasa"]
[Result "0-1"]
[WhiteElo "1826"]
[BlackElo "2109"]

1. Nf3 Nc6 2. b3 e5 3. e4 Bc5 4. Bb2 d6 5. Bb5 Bd7 6. O-O a6 7. Be2 Qe7 8. a3
Nf6 9. b4 Ba7 10. d3 h6 11. Nbd2 g5 12. h3 g4 13. hxg4 Nxg4 14. g3 O-O-O 15. Nh2
Nxh2 16. Kxh2 Rdg8 17. f4 f6 18. f5 Rg5 19. Nf3 Rg7 20. Rg1 Bxg1+ 21. Qxg1 Rhg8
22. Nh4 Rg5 23. Ng6 Qf7 24. Qf2 Ne7 25. Nxe7+ Qxe7 26. Rg1 Qg7 27. Bc1 Rh8 28.
Bxg5 hxg5+ 29. Kg2 g4 30. Kf1 Qg5 31. Qe1 Rh2 32. Qd1 Qe3 33. Qe1 Bb5 34. c4
Bxc4 35. dxc4 Qxe4 36. Qd1 Qxf5+ 37. Ke1 Qf2+ 38. Kd2 Qd4+ 39. Kc1 Qe3+ 40. Kc2
Rxe2+ 0-1

[Event "Challenge"]
[Site "http://www.queenalice.com/game.php?id=1868437"]
[Date "2026.1.25"]
[Round "-"]
[White "marcomasa"]
[Black "Ricardoabreu"]
[Result "1-0"]
[WhiteElo "2105"]
[BlackElo "1726"]

1. e4 b6 2. Bc4 Bb7 3. Nc3 e6 4. d4 Qh4 5. Qe2 g6 6. Nf3 Qd8 7. Bf4 d6 8. h3 Qf6
9. Qe3 h6 10. Bh2 a6 11. a3 Nc6 12. Ba2 Bg7 13. Ne2 Qe7 14. c3 Na5 15. Bg3 Qd7
16. Bh2 Qc6 17. Nd2 Nf6 18. d5 Qd7 19. Nd4 exd5 20. Bxd5 Nxd5 21. exd5+ Kf8 22.
O-O Bxd5 23. b3 Re8 24. Qd3 b5 25. c4 bxc4 26. bxc4 Bb7 27. Bg3 Nc6 28. N2f3 Ne5
29. Qb3 Nxf3+ 30. gxf3 Bxd4 31. Qxb7 Bc5 32. Qxa6 Qxh3 33. Qc6 Bb6 34. a4 Kg7
35. a5 Bc5 36. a6 Ra8 37. Rfb1 h5 38. Rb7 Bb6 39. a7 Qc8 40. Bxd6 cxd6 41. Qxb6
Qxc4 42. Qxd6 Rhd8 43. Qe5+ Kh6 44. Qe3+ Kg7 45. Rc1 Qd5 46. Re7 Qd6 47. Rcc7
Rf8 48. Rcd7 Qa3 49. Qxa3 1-0

[Event "Challenge"]
[Site "http://www.queenalice.com/game.php?id=1868528"]
[Date "2026.1.26"]
[Round "-"]
[White "Ricardoabreu"]
[Black "marcomasa"]
[Result "0-1"]
[WhiteElo "1737"]
[BlackElo "2108"]

1. b3 e5 2. Bb2 Nc6 3. g3 Bc5 4. e3 Qf6 5. Bg2 Qe6 6. Bh3 Qe7 7. Nc3 Nf6 8. Bg2
Qe6 9. Ne4 Nxe4 10. Bxe4 d5 11. Bg2 b5 12. Qe2 a6 13. Bh3 Qe7 14. Bxc8 Rxc8 15.
Qd3 Nb4 16. Qc3 d4 17. exd4 exd4+ 18. Kd1 dxc3 19. Bxc3 O-O 20. Nf3 Qe4 21. d3
Qxf3+ 0-1

[Event "Challenge"]
[Site "http://www.queenalice.com/game.php?id=1869034"]
[Date "2026.2.9"]
[Round "-"]
[White "maurice916"]
[Black "marcomasa"]
[Result "0-1"]
[WhiteElo "1833"]
[BlackElo "2104"]

1. Nf3 Nc6 2. d4 d5 3. g3 Nf6 4. Bg2 Bf5 5. O-O h6 6. c3 e6 7. Nbd2 Bd6 8. Nb3
Qd7 9. Bf4 O-O-O 10. Ne5 Bxe5 11. dxe5 Nh7 12. Nc5 Qe7 13. Qb3 Na5 14. Qb5 b6
15. Qa6+ Kb8 16. Nb3 Nc4 17. Nd4 Qd7 18. b3 Na5 19. Nb5 c6 20. Nd6 g5 21. Be3
Qc7 22. Rfc1 Nf6 23. Nxf7 Qxf7 24. exf6 Qxf6 25. f4 g4 26. Bd4 Qe7 27. Bxh8 Rxh8
28. e3 h5 29. Bf1 h4 30. c4 hxg3 31. cxd5 exd5 32. Bg2 Qxe3+ 33. Kf1 Qf2# 0-1

[Event "Challenge"]
[Site "http://www.queenalice.com/game.php?id=1869109"]
[Date "2026.2.10"]
[Round "-"]
[White "marcomasa"]
[Black "maurice916"]
[Result "1-0"]
[WhiteElo "2109"]
[BlackElo "1846"]

1. e4 c6 2. Bc4 d5 3. exd5 cxd5 4. Bb3 Nf6 5. Nf3 g6 6. d3 Bg7 7. Bf4 Nc6 8. d4
O-O 9. Nc3 Bg4 10. h3 Bf5 11. Qd2 Rc8 12. O-O-O Ne4 13. Nxe4 dxe4 14. Nh4 Bd7
15. g4 e6 16. Be3 Na5 17. f4 Nxb3+ 18. axb3 f5 19. g5 a5 20. Qe2 Qc7 21. Ng2
Rfe8 22. h4 Bf8 23. h5 Bb5 24. Qf2 a4 25. hxg6 hxg6 26. Ne1 axb3 27. Qh4 Bg7 28.
Qh7+ Kf7 29. Rh6 Qxc2+ 30. Nxc2 Rxc2+ 31. Kb1 Bd3 32. Qxg6+ Kg8 33. Qxe8+ Bf8
34. Rg6+ 1-0

[Event "Challenge"]
[Site "http://www.queenalice.com/game.php?id=1869354"]
[Date "2026.2.16"]
[Round "-"]
[White "maurice916"]
[Black "marcomasa"]
[Result "0-1"]
[WhiteElo "1889"]
[BlackElo "2091"]

1. Nf3 Nc6 2. e4 e5 3. c4 Bc5 4. Nc3 Nf6 5. d3 d6 6. h3 Bd7 7. Be3 Bxe3 8. fxe3
Qe7 9. Qe2 a6 10. g4 h6 11. Bg2 Na7 12. d4 c6 13. d5 c5 14. Nd2 g6 15. Nb3 b6
16. O-O-O g5 17. Rhf1 h5 18. Bf3 hxg4 19. Bxg4 Nxg4 20. hxg4 Rh4 21. Qf3 Bxg4
22. Qxf7+ Qxf7 23. Rxf7 Kxf7 24. Rf1+ Ke7 25. Nd1 Rh2 26. Kb1 Bxd1 27. Rxd1 g4
28. Re1 g3 29. Rg1 g2 30. Kc2 Rg8 31. Nc1 Rf8 32. Ne2 Nc8 33. Kd2 Kd7 34. b3 Ne7
35. Ke1 Ng6 36. a3 Nh4 0-1

[Event "Challenge"]
[Site "http://www.queenalice.com/game.php?id=1869355"]
[Date "2026.2.16"]
[Round "-"]
[White "marcomasa"]
[Black "maurice916"]
[Result "0-1"]
[WhiteElo "2113"]
[BlackElo "1861"]

1. e4 c6 2. Bc4 d5 3. exd5 cxd5 4. Bb3 Nf6 5. h3 g6 6. Nf3 Bg7 7. d4 Nc6 8. Bf4
h5 9. Bh2 Bf5 10. Nc3 Qd7 11. Qe2 Bh6 12. Ne5 Nxe5 13. Bxe5 O-O 14. O-O Ne4 15.
Nxe4 Bxe4 16. f3 Bf5 17. a3 h4 18. Ba2 f6 19. Bh2 g5 20. a4 Kg7 21. a5 Rae8 22.
c3 Bg6 23. b4 e6 24. Bb3 e5 25. dxe5 fxe5 26. Bxe5+ Kh7 27. Ba4 Rxe5 28. Qxe5
Qc8 29. Ra3 Rf5 30. Qd6 Bf8 31. Qh2 b6 32. g4 Rf4 33. Qd2 bxa5 34. bxa5 Bxa3 35.
Qxd5 Qc5+ 36. Qxc5 Bxc5+ 37. Kg2 Rxa4 0-1

[Event "Challenge"]
[Site "http://www.queenalice.com/game.php?id=1869377"]
[Date "2026.2.17"]
[Round "-"]
[White "marcomasa"]
[Black "maurice916"]
[Result "1-0"]
[WhiteElo "2099"]
[BlackElo "1871"]

1. e4 c6 2. Bc4 d5 3. exd5 cxd5 4. Bb3 Nf6 5. h3 e5 6. d3 Nc6 7. Nf3 Bd6 8. Bg5
Be7 9. Nc3 Be6 10. Qe2 a6 11. a3 Qc7 12. Bh4 Bd6 13. Bxf6 gxf6 14. g3 O-O-O 15.
O-O-O Kb8 16. Nxd5 f5 17. Nxc7 Bxc7 18. Kb1 h6 19. Bxe6 fxe6 20. h4 Rd7 21. c3
Rd5 22. h5 b5 23. Nh4 Ne7 24. c4 bxc4 25. dxc4 Rc5 26. b4 Rc6 27. Rd7 Nc8 28.
Ng6 Rg8 29. Nxe5 Rb6 30. c5 Rb5 31. Nc6+ Kb7 32. Qf3 Rxb4+ 33. Nxb4+ 1-0